[Event "Canadian op U1800"]
[Site "Sault Ste Marie"]
[Date "2017.07.15"]
[Round "8.44"]
[White "Essery, Richard"]
[Black "Macinnis, Jamie"]
[Result "1/2-1/2"]
[WhiteElo "1630"]
[BlackElo "1691"]
[PlyCount "154"]
[EventDate "2017.07.08"]
[EventType "swiss"]
[EventRounds "9"]
[EventCountry "CAN"]
[SourceTitle "EXT 2022"]
[Source "ChessBase"]
[SourceDate "2021.10.06"]
[SourceVersion "1"]
[SourceVersionDate "2021.10.06"]
[SourceQuality "1"]

1. d4 Nf6 2. Nf3 g6 3. c3 Bg7 4. Bg5 Ne4 5. Bh4 c5 6. e3 d6 7. Bd3 Nf6 8. Nbd2 0-0 9. Qe2 a6 10. dxc5 dxc5 11. Ne5 Qc7 12. Ndf3 Nc6 13. Nxc6 Qxc6 14. h3 Nd5 15. 0-0 Re8 16. Bg3 e5 17. Qc2 Bd7 18. Rad1 Qc7 19. Ng5 Bc6 20. Bc4 Qe7 21. Nxf7 Kxf7 22. e4 Kf8 23. exd5 Bd7 24. Rfe1 Bf5 25. Qe2 b5 26. Bd3 Rad8 27. c4 e4 28. Qd2 Qf6 29. Be2 b4 30. Bc7 Rd7 31. d6 Qxb2 32. Qxb2 Bxb2 33. g4 Be6 34. Bf1 Bg8 35. g5 Bd4 36. h4 Rf7 37. Re2 Rd7 38. Bh3 Be6 39. Bxe6 Rxe6 40. Rxd4 cxd4 41. c5 Rxc7 42. dxc7 Rc6 43. Rxe4 Rxc5 44. Rxd4 Rxc7 45. Rxb4 Kg7 46. a4 h6 47. f4 hxg5 48. hxg5 a5 49. Rd4 Kf7 50. Kg2 Ke6 51. Kf3 Rc3+ 52. Kg4 Re3 53. Rc4 Ra3 54. Re4+ Kf7 55. f5 gxf5+ 56. Kxf5 Rf3+ 57. Rf4 Rxf4+ 58. Kxf4 Kg6 59. Kg4 Kg7 60. Kf5 Kf7 61. g6+ Kg7 62. Kg5 Kg8 63. Kf6 Kf8 64. Ke6 Kg7 65. Kf5 Kg8 66. Ke5 Kg7 67. Kf5 Kg8 68. Ke4 Kg7 69. Kd4 Kxg6 70. Kc5 Kf6 71. Kb5 Ke7 72. Kxa5 Kd7 73. Kb6 Kc8 74. Ka7 Kc7 75. a5 Kc8 76. a6 Kc7 77. Ka8 Kc8 1/2-1/2

[Event "Canadian op U1800"]
[Site "Sault Ste Marie"]
[Date "2017.07.14"]
[Round "7.44"]
[White "Makarczyk, David"]
[Black "Essery, Richard"]
[Result "1-0"]
[WhiteElo "1414"]
[BlackElo "1630"]
[PlyCount "41"]
[EventDate "2017.07.08"]
[EventType "swiss"]
[EventRounds "9"]
[EventCountry "CAN"]
[SourceTitle "EXT 2022"]
[Source "ChessBase"]
[SourceDate "2021.10.06"]
[SourceVersion "1"]
[SourceVersionDate "2021.10.06"]
[SourceQuality "1"]

1. e4 c5 2. Nc3 e6 3. f4 Nc6 4. Nf3 d5 5. exd5 exd5 6. d4 Nf6 7. Bb5 a6 8. Bxc6+ bxc6 9. 0-0 cxd4 10. Re1+ Be7 11. Nxd4 Qc7 12. Qe2 c5 13. Nc6 Ne4 14. Nxd5 Qxc6 15. Qxe4 Be6 16. Nxe7 Qxe4 17. Rxe4 Kxe7 18. f5 Rhd8 19. fxe6 Rd1+ 20. Kf2 fxe6 21. Bg5+ 1-0

[Event "Winnipeg TNT April op"]
[Site "Winnipeg"]
[Date "2007.04.17"]
[Round "3"]
[White "Essery, Richard"]
[Black "Letain, Cory"]
[Result "1-0"]
[WhiteElo "1684"]
[BlackElo "1422"]
[PlyCount "67"]
[EventDate "2007.04.03"]
[EventType "swiss"]
[EventRounds "4"]
[EventCountry "CAN"]
[SourceTitle "EXT 2019"]
[Source "ChessBase"]
[SourceDate "2018.10.10"]
[SourceVersion "1"]
[SourceVersionDate "2018.10.10"]
[SourceQuality "1"]

1. d4 d5 2. Nf3 Nf6 3. Bf4 e6 4. e3 Bd7 5. Ne5 Bd6 6. Nd2 0-0 7. Bd3 c5 8. Nxf7 Rxf7 9. Bxd6 cxd4 10. exd4 Nc6 11. Nf3 Ne4 12. Bxe4 dxe4 13. Ne5 Nxe5 14. Bxe5 Qa5+ 15. c3 Raf8 16. Bg3 Bb5 17. Qg4 Qb6 18. Qxe4 Bc6 19. Qc2 Bxg2 20. Rg1 Bf3 21. Kd2 Bg4 22. Kc1 e5 23. Bxe5 Rxf2 24. Qb3+ Qxb3 25. axb3 Rf1+ 26. Kd2 R8f2+ 27. Kd3 Be2+ 28. Ke3 Rf3+ 29. Kxe2 R1f2+ 30. Ke1 Rxb2 31. Rxg7+ Kf8 32. Rxh7 Rff2 33. Rxa7 Kg8 34. Rg7+ 1-0

[Event "Winnipeg TNT March op"]
[Site "Winnipeg"]
[Date "2007.03.27"]
[Round "4"]
[White "Essery, Richard"]
[Black "Wiebe, Daniel"]
[Result "1-0"]
[WhiteElo "1655"]
[BlackElo "1704"]
[PlyCount "115"]
[EventDate "2007.03.06"]
[EventType "swiss"]
[EventRounds "4"]
[EventCountry "CAN"]
[SourceTitle "EXT 2019"]
[Source "ChessBase"]
[SourceDate "2018.10.10"]
[SourceVersion "1"]
[SourceVersionDate "2018.10.10"]
[SourceQuality "1"]

1. d4 d5 2. Nf3 Nc6 3. Bf4 Nf6 4. e3 Nh5 5. Bg5 h6 6. Bh4 g5 7. Bg3 Nxg3 8. hxg3 a6 9. Nxg5 e5 10. Qh5 Qf6 11. c3 Rg8 12. Nh7 Qg6 13. Nxf8 Qc2 14. Nd2 Bg4 15. Qxh6 exd4 16. Nh7 0-0-0 17. Nf6 dxc3 18. bxc3 Qxc3 19. Rb1 Rg6 20. Qf4 Qxf6 21. Qxf6 Rxf6 22. f3 Bf5 23. Rb2 Re8 24. g4 Bg6 25. Kf2 d4 26. exd4 Nxd4 27. Bc4 b5 28. Bf1 c5 29. Nb3 Nxb3 30. Rxb3 c4 31. Rc3 Rd6 32. a4 Kc7 33. f4 Bd3 34. Bxd3 Rxd3 35. Rxd3 cxd3 36. axb5 axb5 37. Rd1 Rd8 38. Ke3 Rd5 39. Rxd3 Rxd3+ 40. Kxd3 Kd6 41. g5 b4 42. Kc4 Ke6 43. g4 b3 44. Kxb3 Kd5 45. Kc3 Ke4 46. f5 Ke5 47. Kd3 Kd5 48. Ke3 Ke5 49. Kf3 Kd5 50. Kf4 Kd6 51. Ke4 Ke7 52. Ke5 Kf8 53. Kf6 Kg8 54. g6 Kf8 55. g7+ Kg8 56. g5 Kh7 57. g6+ Kg8 58. gxf7+ 1-0

[Event "Winnipeg TNT March op"]
[Site "Winnipeg"]
[Date "2007.03.20"]
[Round "3"]
[White "Green, Aaron"]
[Black "Essery, Richard"]
[Result "0-1"]
[WhiteElo "1426"]
[BlackElo "1655"]
[PlyCount "72"]
[EventDate "2007.03.06"]
[EventType "swiss"]
[EventRounds "4"]
[EventCountry "CAN"]
[SourceTitle "EXT 2019"]
[Source "ChessBase"]
[SourceDate "2018.10.10"]
[SourceVersion "1"]
[SourceVersionDate "2018.10.10"]
[SourceQuality "1"]

1. Nf3 b6 2. d3 Bb7 3. e4 e6 4. g3 Nf6 5. Bg2 c5 6. c3 d6 7. Nbd2 Nc6 8. 0-0 Be7 9. Ne1 0-0 10. f4 Qc7 11. g4 h6 12. f5 exf5 13. gxf5 Rad8 14. Rf3 Ne5 15. Rg3 d5 16. d4 cxd4 17. cxd4 Nc6 18. e5 Nh7 19. Ndf3 f6 20. Bxh6 Ng5 21. Bxg5 fxg5 22. Nxg5 Nxd4 23. f6 Bc5 24. Kh1 Nf5 25. Qh5 Nxg3+ 26. hxg3 gxf6 27. Qg6+ Qg7 28. Qxg7+ Kxg7 29. Ne6+ Kf7 30. Nxf8 Rxf8 31. Kh2 Rh8+ 32. Bh3 Bc8 33. e6+ Bxe6 34. g4 Bxg4 35. Kg3 Bxh3 36. Nd3 Bd6+ 0-1

[Event "Winnipeg TNT February op"]
[Site "Winnipeg"]
[Date "2007.02.20"]
[Round "3"]
[White "Essery, Richard"]
[Black "Goodman, Clifford"]
[Result "1-0"]
[WhiteElo "1675"]
[BlackElo "1458"]
[PlyCount "41"]
[EventDate "2007.02.06"]
[EventType "swiss"]
[EventRounds "4"]
[EventCountry "CAN"]
[SourceTitle "EXT 2019"]
[Source "ChessBase"]
[SourceDate "2018.10.10"]
[SourceVersion "1"]
[SourceVersionDate "2018.10.10"]
[SourceQuality "1"]

1. d4 Nf6 2. Nf3 e6 3. Bf4 c5 4. e3 cxd4 5. exd4 Nc6 6. c3 Nd5 7. Bg3 Be7 8. Bd3 0-0 9. Nbd2 f5 10. h3 d6 11. Qc2 a6 12. Bh2 Nf6 13. g4 fxg4 14. hxg4 h6 15. g5 hxg5 16. Nxg5 Re8 17. Bg6 Rf8 18. Bh7+ Kh8 19. Bg3 Nh5 20. Bg8 Bxg5 21. Qh7# 1-0

[Event "Winnipeg TNT February op"]
[Site "Winnipeg"]
[Date "2007.02.06"]
[Round "1"]
[White "Essery, Richard"]
[Black "Oberton, Daniel"]
[Result "0-1"]
[WhiteElo "1675"]
[BlackElo "2019"]
[PlyCount "72"]
[EventDate "2007.02.06"]
[EventType "swiss"]
[EventRounds "4"]
[EventCountry "CAN"]
[SourceTitle "EXT 2019"]
[Source "ChessBase"]
[SourceDate "2018.10.10"]
[SourceVersion "1"]
[SourceVersionDate "2018.10.10"]
[SourceQuality "1"]

1. d4 Nf6 2. Nf3 g6 3. Bf4 Bg7 4. e3 0-0 5. c3 d6 6. Nbd2 b6 7. h3 c5 8. Be2 Ba6 9. 0-0 Bxe2 10. Qxe2 Nbd7 11. Rab1 Qc7 12. Bh2 Rab8 13. Ng5 b5 14. Nde4 h6 15. Nxf6+ Nxf6 16. Nf3 b4 17. Qc4 Rfc8 18. Ne5 dxe5 19. Bxe5 Qc6 20. Bxb8 Rxb8 21. cxb4 Rxb4 22. Qc2 Nd7 23. b3 Qd6 24. dxc5 Qxc5 25. Qd2 Rb7 26. Rbc1 Qe5 27. Rc8+ Kh7 28. Rfc1 Nf6 29. Ra8 Rd7 30. Qc2 Qd5 31. Qc8 Qd2 32. Rc6 h5 33. Rc2 Qe1+ 34. Kh2 Rd1 35. Qc4 h4 36. Qxh4+ Nh5 0-1

[Event "Winnipeg Mike Shpan Memorial"]
[Site "Winnipeg"]
[Date "2006.12.05"]
[Round "5"]
[White "Essery, Richard"]
[Black "Green, Aaron"]
[Result "1-0"]
[WhiteElo "1602"]
[BlackElo "1376"]
[PlyCount "117"]
[EventDate "2006.11.07"]
[EventType "swiss"]
[EventRounds "6"]
[EventCountry "CAN"]
[SourceTitle "EXT 2019"]
[Source "ChessBase"]
[SourceDate "2018.10.10"]
[SourceVersion "1"]
[SourceVersionDate "2018.10.10"]
[SourceQuality "1"]

1. d4 Nf6 2. Nf3 g6 3. Bf4 d5 4. e3 Bg7 5. Nbd2 0-0 6. c3 c6 7. Bd3 Nh5 8. Be5 Nd7 9. Bxg7 Nxg7 10. Qc2 f6 11. 0-0-0 e5 12. e4 dxe4 13. Bc4+ Kh8 14. Nxe4 f5 15. Nd6 e4 16. Ng1 Qe7 17. Nxc8 Raxc8 18. Nh3 Nb6 19. Bb3 Nd5 20. Rhe1 Qc7 21. g3 a5 22. Ng5 Qe7 23. h4 h6 24. Nh3 b5 25. a3 b4 26. c4 Nb6 27. a4 Kh7 28. Nf4 c5 29. d5 Qd6 30. Ba2 Nd7 31. b3 Ne5 32. Bb1 Rf7 33. Rh1 Rff8 34. Qe2 Rce8 35. h5 g5 36. Ng2 Nf3 37. Ne3 Nd4 38. Qb2 Re7 39. g4 f4 40. Nc2 Ne2+ 41. Kd2 Nc3 42. Rde1 Ne8 43. f3 e3+ 44. Nxe3+ Nxb1+ 45. Qxb1+ Kh8 46. Nf5 Rxe1 47. Rxe1 Qf6 48. Qc2 Ng7 49. Nxg7 Kxg7 50. Re6 Qd4+ 51. Ke2 Rf6 52. Re4 Qa1 53. Kd3 Qf1+ 54. Qe2 Qb1+ 55. Kd2 Qxb3 56. Re7+ Rf7 57. Qe5+ Kg8 58. Re8+ Rf8 59. Qe6+ 1-0

[Event "Winnipeg Mike Shpan Memorial"]
[Site "Winnipeg"]
[Date "2006.11.21"]
[Round "3"]
[White "Essery, Richard"]
[Black "Evans, Brian"]
[Result "0-1"]
[WhiteElo "1602"]
[BlackElo "1474"]
[PlyCount "58"]
[EventDate "2006.11.07"]
[EventType "swiss"]
[EventRounds "6"]
[EventCountry "CAN"]
[SourceTitle "EXT 2019"]
[Source "ChessBase"]
[SourceDate "2018.10.10"]
[SourceVersion "1"]
[SourceVersionDate "2018.10.10"]
[SourceQuality "1"]

1. d4 Nf6 2. Nf3 d6 3. Bf4 g6 4. e3 Bg7 5. Bd3 0-0 6. Nbd2 Nc6 7. c3 e5 8. Bg5 Ne7 9. dxe5 dxe5 10. Nxe5 Qd5 11. Ndf3 Bg4 12. 0-0 Rfd8 13. Nxg4 Nxg4 14. Bxe7 Rd7 15. Ne1 Ne5 16. e4 Qe6 17. f4 Nxd3 18. Nxd3 Qxe7 19. Qf3 Qd6 20. Rad1 Rad8 21. f5 Qb6+ 22. Kh1 Qa6 23. a4 Qc4 24. b3 Qxc3 25. fxg6 fxg6 26. b4 Rf8 27. Nf4 Qxf3 28. gxf3 Rxd1 29. Rxd1 Rxf4 0-1

[Event "Winnipeg Mike Shpan Memorial"]
[Site "Winnipeg"]
[Date "2006.11.14"]
[Round "2"]
[White "Rutter, Blair A"]
[Black "Essery, Richard"]
[Result "1-0"]
[WhiteElo "1825"]
[BlackElo "1602"]
[PlyCount "79"]
[EventDate "2006.11.07"]
[EventType "swiss"]
[EventRounds "6"]
[EventCountry "CAN"]
[SourceTitle "EXT 2019"]
[Source "ChessBase"]
[SourceDate "2018.10.10"]
[SourceVersion "1"]
[SourceVersionDate "2018.10.10"]
[SourceQuality "1"]

1. c4 e5 2. g3 Nf6 3. Bg2 Bc5 4. Nc3 a6 5. e3 d6 6. b4 Ba7 7. Nge2 c6 8. 0-0 0-0 9. h3 Be6 10. d3 Nbd7 11. Kh2 Rc8 12. Ba3 b5 13. cxb5 cxb5 14. Bb7 Rxc3 15. Nxc3 Qc7 16. Nxb5 axb5 17. Bg2 Qc3 18. Qc1 Rc8 19. Bb2 Qc2 20. a3 Nb6 21. d4 Qe2 22. Qb1 Rc2 23. Bf3 Qd3 24. dxe5 Nfd5 25. Bd4 dxe5 26. Bc5 Qf5 27. Bg2 Rd2 28. Qxf5 Bxf5 29. e4 Bxe4 30. Bxe4 Nc3 31. Bc6 e4 32. Rae1 f5 33. Be3 Rd6 34. Bb7 Bb8 35. Rc1 Ne2 36. Rc6 Rxc6 37. Bxc6 Nc4 38. Re1 Nc3 39. Bd4 Nd2 40. Bxc3 1-0

[Event "Winnipeg Mike Shpan Memorial"]
[Site "Winnipeg"]
[Date "2006.11.07"]
[Round "1"]
[White "Essery, Richard"]
[Black "Mundwiler, Les"]
[Result "1/2-1/2"]
[WhiteElo "1602"]
[BlackElo "1988"]
[PlyCount "106"]
[EventDate "2006.11.07"]
[EventType "swiss"]
[EventRounds "6"]
[EventCountry "CAN"]
[SourceTitle "EXT 2019"]
[Source "ChessBase"]
[SourceDate "2018.10.10"]
[SourceVersion "1"]
[SourceVersionDate "2018.10.10"]
[SourceQuality "1"]

1. d4 d5 2. Nf3 Nf6 3. Bf4 Nc6 4. e3 Bg4 5. Be2 Bxf3 6. Bxf3 e6 7. Nd2 Bd6 8. Bg3 h6 9. c3 a6 10. Qc2 Rb8 11. e4 Be7 12. e5 Nh7 13. Be2 Nf8 14. f4 g6 15. Nf3 h5 16. h4 Nd7 17. Bd3 Nf8 18. Bf2 Qd7 19. Rg1 Bd8 20. g4 hxg4 21. Rxg4 Ne7 22. 0-0-0 Nf5 23. Rh1 Be7 24. Rg2 b5 25. Rgh2 b4 26. c4 dxc4 27. Bxc4 Nh7 28. Qb3 a5 29. a4 Ng7 30. Rd1 c6 31. Nd2 Nh5 32. Qf3 0-0 33. Rg1 Kh8 34. b3 Rfd8 35. Ne4 Qe8 36. Ng3 Ng7 37. h5 g5 38. Bd3 c5 39. h6 Nf5 40. Bxf5 exf5 41. Nxf5 cxd4 42. Bxd4 Rbc8+ 43. Kb1 Bc5 44. Bxc5 Rxc5 45. Qf2 Rc3 46. Qb2 Rdd3 47. Nd6 Qe6 48. Rc1 Rxb3 49. Rc8+ Nf8 50. Rxf8+ Kh7 51. Rxf7+ Kh8 52. Rf8+ Kh7 53. Rf7+ Kh8 1/2-1/2

[Event "Winnipeg TNT Aug op"]
[Site "Winnipeg"]
[Date "2006.08.22"]
[Round "4"]
[White "Kwiatek, Jordan"]
[Black "Essery, Richard"]
[Result "1-0"]
[WhiteElo "1811"]
[BlackElo "1549"]
[PlyCount "39"]
[EventDate "2006.08.01"]
[EventType "swiss"]
[EventRounds "4"]
[EventCountry "CAN"]
[SourceTitle "EXT 2007"]
[Source "ChessBase"]
[SourceDate "2006.11.23"]
[SourceVersion "1"]
[SourceVersionDate "2006.11.23"]
[SourceQuality "1"]

1. e4 d5 2. exd5 Qxd5 3. Nc3 Qa5 4. b4 Qe5+ 5. Be2 c6 6. Nf3 Qc7 7. d4 Bf5 8. d5 e6 9. dxe6 Bxe6 10. Qd4 Nf6 11. Ng5 Bf5 12. Bf4 Qd7 13. Qe5+ Be7 14. Rd1 Qc8 15. 0-0 Bxc2 16. Nxf7 Kxf7 17. Bc4+ Nd5 18. Nxd5 cxd5 19. Qxd5+ Kg6 20. Qf7# 1-0

[Event "Winnipeg TNT July op"]
[Site "Winnipeg"]
[Date "2006.07.11"]
[Round "2"]
[White "Essery, Richard"]
[Black "Khedkar, Jay S"]
[Result "0-1"]
[WhiteElo "1594"]
[BlackElo "1886"]
[PlyCount "36"]
[EventDate "2006.07.04"]
[EventType "swiss"]
[EventRounds "4"]
[EventCountry "CAN"]
[SourceTitle "EXT 2007"]
[Source "ChessBase"]
[SourceDate "2006.11.23"]
[SourceVersion "1"]
[SourceVersionDate "2006.11.23"]
[SourceQuality "1"]

1. d4 Nf6 2. Nf3 g6 3. Bf4 Bg7 4. e3 d6 5. Bd3 0-0 6. Nbd2 Nc6 7. c3 e5 8. dxe5 dxe5 9. Bxg6 exf4 10. Bb1 fxe3 11. fxe3 Qe7 12. 0-0 Qxe3+ 13. Kh1 Ng4 14. Qc2 Qh6 15. Re1 Nce5 16. h3 Nd3 17. Re2 Bf5 18. Ne4 Bxe4 0-1

[Event "Winnipeg TNT June op"]
[Site "Winnipeg"]
[Date "2006.06.20"]
[Round "3"]
[White "Gibbons, Lorne"]
[Black "Essery, Richard"]
[Result "1-0"]
[WhiteElo "1288"]
[BlackElo "1594"]
[PlyCount "79"]
[EventDate "2006.06.06"]
[EventType "swiss"]
[EventRounds "4"]
[EventCountry "CAN"]
[SourceTitle "EXT 2007"]
[Source "ChessBase"]
[SourceDate "2006.11.23"]
[SourceVersion "1"]
[SourceVersionDate "2006.11.23"]
[SourceQuality "1"]

1. d4 Nf6 2. c4 b5 3. cxb5 a6 4. bxa6 Bxa6 5. Bf4 e6 6. Qc2 Bb4+ 7. Nc3 0-0 8. a3 Ba5 9. b4 Bb6 10. Nf3 Bb7 11. e3 Bxf3 12. gxf3 Nh5 13. Bg3 Nxg3 14. fxg3 Re8 15. Bg2 c6 16. 0-0 e5 17. Qd3 Qf6 18. d5 Qg5 19. Rfe1 h5 20. dxc6 dxc6 21. a4 Na6 22. b5 Nb4 23. Qe2 cxb5 24. Ne4 Qg6 25. axb5 f5 26. Qc4+ Kh7 27. Qxb4 Rxa1 28. Rxa1 Bxe3+ 29. Nf2 Bxf2+ 30. Kxf2 Qb6+ 31. Kf1 e4 32. fxe4 Rxe4 33. Bxe4 fxe4 34. Qxe4+ g6 35. Rb1 Qf6+ 36. Kg2 Qg5 37. Rb2 Qc1 38. Qe2 h4 39. Rc2 Qh6 40. Rc7+ 1-0

[Event "Winnipeg TNT March op"]
[Site "Winnipeg"]
[Date "2006.03.07"]
[Round "1"]
[White "Essery, Richard"]
[Black "Melamedoff, Gustavo"]
[Result "0-1"]
[WhiteElo "1577"]
[BlackElo "2002"]
[PlyCount "82"]
[EventDate "2006.03.07"]
[EventType "swiss"]
[EventRounds "4"]
[EventCountry "CAN"]
[SourceTitle "EXT 2007"]
[Source "ChessBase"]
[SourceDate "2006.11.23"]
[SourceVersion "1"]
[SourceVersionDate "2006.11.23"]
[SourceQuality "1"]

1. d4 d5 2. Nf3 e6 3. Bf4 f5 4. e3 Nf6 5. Nbd2 Bd6 6. Bxd6 Qxd6 7. Bd3 Nbd7 8. 0-0 0-0 9. c4 c6 10. h3 Ne4 11. a3 Rf6 12. Rc1 Rg6 13. Bxe4 fxe4 14. Nh2 Nf6 15. f3 Qg3 16. Ng4 Nxg4 17. fxg4 Qxe3+ 18. Kh1 Qxd4 19. Qe1 e5 20. Qh4 Be6 21. cxd5 Bxd5 22. Rcd1 Qb6 23. Qe7 Qd8 24. Qxd8+ Rxd8 25. Nxe4 Rf8 26. Rxf8+ Kxf8 27. Nc5 Rd6 28. Ne4 Rd7 29. Re1 Bxe4 30. Rxe4 Rd5 31. Kg1 Kf7 32. Kf1 Ke6 33. g3 Rd3 34. Kf2 Rd2+ 35. Re2 Rxe2+ 36. Kxe2 Kd5 37. g5 Ke4 38. h4 c5 39. a4 b6 40. b3 g6 41. g4 Kf4 0-1

[Event "Winnipeg TNT February op"]
[Site "Winnipeg"]
[Date "2006.02.07"]
[Round "1"]
[White "Prince, Colin"]
[Black "Essery, Richard"]
[Result "1-0"]
[WhiteElo "1801"]
[BlackElo "1540"]
[PlyCount "51"]
[EventDate "2006.02.07"]
[EventType "swiss"]
[EventRounds "4"]
[EventCountry "CAN"]
[SourceTitle "EXT 2007"]
[Source "ChessBase"]
[SourceDate "2006.11.23"]
[SourceVersion "1"]
[SourceVersionDate "2006.11.23"]
[SourceQuality "1"]

1. e4 Nf6 2. e5 Nd5 3. d4 d6 4. Nf3 Bg4 5. h3 Bh5 6. c4 Nb6 7. e6 fxe6 8. Be2 h6 9. Nh4 Bxe2 10. Qxe2 Nc6 11. Be3 e5 12. Qh5+ Kd7 13. d5 Nb4 14. Qf5+ Ke8 15. a3 N4xd5 16. cxd5 Nxd5 17. Ng6 Rg8 18. Qe6 Nf6 19. Nc3 Qd7 20. Qb3 c6 21. Rd1 e6 22. Nxe5 Qc7 23. Qxe6+ Be7 24. Ne4 Qa5+ 25. b4 Qxe5 26. Nxd6+ 1-0

[Event "Winnipeg TNT January op"]
[Site "Winnipeg"]
[Date "2006.01.24"]
[Round "4"]
[White "Essery, Richard"]
[Black "Khedkar, Jay S"]
[Result "0-1"]
[WhiteElo "1617"]
[BlackElo "1876"]
[PlyCount "36"]
[EventDate "2006.01.03"]
[EventType "swiss"]
[EventRounds "5"]
[EventCountry "CAN"]
[SourceTitle "EXT 2007"]
[Source "ChessBase"]
[SourceDate "2006.11.23"]
[SourceVersion "1"]
[SourceVersionDate "2006.11.23"]
[SourceQuality "1"]

1. d4 d5 2. Nf3 Nf6 3. Bf4 c5 4. e3 Nc6 5. c3 e6 6. Bd3 Qb6 7. Qc2 Bd7 8. h3 Rc8 9. Ne5 cxd4 10. Nxd7 Nxd7 11. cxd4 Bb4+ 12. Nd2 Qa5 13. a3 Nb6 14. Qd1 Bxd2+ 15. Qxd2 Qxd2+ 16. Kxd2 Na5 17. Bb5+ Ke7 18. b4 Nb3+ 0-1

[Event "Winnipeg TNT January op"]
[Site "Winnipeg"]
[Date "2006.01.17"]
[Round "3"]
[White "Essery, Richard"]
[Black "Babb, Jeff"]
[Result "0-1"]
[WhiteElo "1617"]
[BlackElo "2139"]
[PlyCount "46"]
[EventDate "2006.01.03"]
[EventType "swiss"]
[EventRounds "5"]
[EventCountry "CAN"]
[SourceTitle "EXT 2007"]
[Source "ChessBase"]
[SourceDate "2006.11.23"]
[SourceVersion "1"]
[SourceVersionDate "2006.11.23"]
[SourceQuality "1"]

1. e4 e5 2. Bc4 Nf6 3. d4 exd4 4. Nf3 Nc6 5. e5 d5 6. exd6 Bxd6 7. 0-0 0-0 8. Bg5 Bg4 9. Re1 h6 10. Bh4 Bxf3 11. gxf3 Ne5 12. Bb3 c5 13. Nd2 Ng6 14. Bxf6 Qxf6 15. Ne4 Qf4 16. Nxd6 Qxd6 17. c3 Nf4 18. Bc2 d3 19. Kh1 Qg6 20. Rg1 dxc2 21. Qc1 Qf5 22. Rg4 Rad8 23. Rxf4 Rd1+ 0-1

[Event "Winnipeg TNT September op"]
[Site "Winnipeg"]
[Date "2005.09.27"]
[Round "4"]
[White "Wasserman, Arie"]
[Black "Essery, Richard"]
[Result "1-0"]
[WhiteElo "1592"]
[BlackElo "1686"]
[PlyCount "47"]
[EventDate "2005.09.06"]
[EventType "swiss"]
[EventRounds "4"]
[EventCountry "CAN"]
[SourceTitle "EXT 2022"]
[Source "ChessBase"]
[SourceDate "2021.10.06"]
[SourceVersion "1"]
[SourceVersionDate "2021.10.06"]
[SourceQuality "1"]

1. e4 c5 2. Nf3 d5 3. exd5 Nf6 4. Nc3 Nxd5 5. Bb5+ Bd7 6. Bxd7+ Qxd7 7. Nxd5 Qxd5 8. 0-0 g6 9. Re1 Bg7 10. Qe2 Nc6 11. d3 0-0 12. c4 Qd7 13. Rb1 Nb4 14. Be3 b6 15. Red1 Nxa2 16. d4 cxd4 17. Nxd4 e6 18. Nf5 Qc7 19. Nxg7 Kxg7 20. Bd4+ Kg8 21. b4 Nxb4 22. Rxb4 Rad8 23. Bf6 Rc8 24. Qe3 1-0

[Event "Winnipeg TNT July op"]
[Site "Winnipeg"]
[Date "2005.07.19"]
[Round "3"]
[White "Essery, Richard"]
[Black "Milord, Frank"]
[Result "1-0"]
[WhiteElo "1710"]
[BlackElo "1589"]
[PlyCount "63"]
[EventDate "2005.07.05"]
[EventType "swiss"]
[EventRounds "4"]
[EventCountry "CAN"]
[SourceTitle "EXT 2022"]
[Source "ChessBase"]
[SourceDate "2021.10.06"]
[SourceVersion "1"]
[SourceVersionDate "2021.10.06"]
[SourceQuality "1"]

1. Nf3 Nf6 2. d4 d5 3. c4 e6 4. Bg5 c6 5. e3 Nbd7 6. Bd3 Bb4+ 7. Nbd2 h6 8. Bh4 g5 9. Bg3 dxc4 10. Bxc4 Ne4 11. 0-0 Nxg3 12. fxg3 g4 13. Ne1 Qg5 14. Nc2 Bxd2 15. Qxd2 Nf8 16. Qf2 f5 17. Rae1 Bd7 18. e4 0-0-0 19. exf5 Qxf5 20. Qe2 Qg5 21. b4 Re8 22. Ne3 e5 23. d5 Kb8 24. dxc6 Bxc6 25. Rf5 Qd8 26. Rd1 Qb6 27. b5 Be4 28. Rf7 Ne6 29. Kh1 Nd4 30. Qxg4 Nc2 31. Qxe4 Nxe3 32. Rdd7 1-0

[Event "Winnipeg TNT May op"]
[Site "Winnipeg"]
[Date "2005.05.03"]
[Round "1"]
[White "Essery, Richard"]
[Black "Oberton, Daniel"]
[Result "0-1"]
[WhiteElo "1726"]
[BlackElo "1414"]
[PlyCount "44"]
[EventDate "2005.05.03"]
[EventType "swiss"]
[EventRounds "4"]
[EventCountry "CAN"]
[SourceTitle "EXT 2022"]
[Source "ChessBase"]
[SourceDate "2021.10.06"]
[SourceVersion "1"]
[SourceVersionDate "2021.10.06"]
[SourceQuality "1"]

1. e4 c5 2. Nc3 d6 3. f4 Nc6 4. Nf3 Nf6 5. d4 cxd4 6. Nxd4 Qc7 7. h3 a6 8. Be3 g6 9. Bd3 Bg7 10. 0-0 0-0 11. a3 Bd7 12. Qd2 Nxd4 13. Bxd4 e5 14. Be3 Rad8 15. Na4 Bxa4 16. Qb4 Bb5 17. c4 Bd7 18. Bb6 Qc6 19. Bxd8 Rxd8 20. Qe1 Bh6 21. f5 Qb6+ 22. Qf2 Be3 0-1

[Event "Winnipeg TNT March op"]
[Site "Winnipeg"]
[Date "2005.03.15"]
[Round "3"]
[White "Essery, Richard"]
[Black "Repa, Jason"]
[Result "0-1"]
[WhiteElo "1723"]
[BlackElo "1918"]
[PlyCount "78"]
[EventDate "2005.03.01"]
[EventType "swiss"]
[EventRounds "4"]
[EventCountry "CAN"]
[SourceTitle "EXT 2006"]
[Source "ChessBase"]
[SourceDate "2005.11.24"]
[SourceVersion "1"]
[SourceVersionDate "2005.11.24"]
[SourceQuality "1"]

1. d4 e6 2. Nf3 f5 3. Bg5 Be7 4. Bxe7 Qxe7 5. a3 Nf6 6. e3 b6 7. g3 Bb7 8. Bg2 0-0 9. 0-0 d6 10. Re1 Nbd7 11. c4 Ne4 12. Nc3 Nxc3 13. bxc3 Rae8 14. Qa4 a5 15. Ne5 Bxg2 16. Nxd7 Bf3 17. Nxf8 Rxf8 18. c5 dxc5 19. dxc5 Qxc5 20. Qd4 Qc6 21. Ra2 Bd5 22. Rd2 a4 23. Rb1 b5 24. Qb4 Bc4 25. Qe7 Bd5 26. Rd3 Re8 27. Qb4 Be4 28. Rbd1 Bxd3 29. Rxd3 Kf7 30. Qd4 h6 31. g4 Re7 32. gxf5 exf5 33. Qd5+ Qxd5 34. Rxd5 c6 35. Rxf5+ Ke6 36. Rf4 c5 37. Re4+ Kd6 38. Rxe7 Kxe7 39. f4 b4 0-1